000 00298nam a22001337a 4500
008 181030b xxu||||| |||| 00| 0 eng d
020 _a9781429282543
041 _aeng
080 _28 ed
_a159.9
100 _a49
101 _aPSI
245 _aAbnormal Psychology
_cComer.R.J
942 _2udc
_cBK
999 _c51075
_d51075